Countries with Most Vowels - Statistics

General Stats
  • This quiz has been taken 61 times
  • The average score is 10 of 19
Answer Stats
# Answers % Correct
11* D. R. of the Congo
80%
7* Republic of the Congo
74%
10* Saint Vincent and the Grenadines
72%
8 Central African Republic
68%
6* Saint Kitts and Nevis
66%
12* Federated States of Micronesia
64%
9 United Arab Emirates
64%
8* Antigua and Barbuda
58%
8 Papua New Guinea
58%
7* Trinidad and Tobago
58%
8* Sao Tome and Principe
54%
7 Dominican Republic
52%
9* Bosnia and Herzegovina
46%
7 Saudi Arabia
46%
7 Guinea Bissau
36%
10 Equatorial Guinea
34%
6 Mauritania
34%
6 North Macedonia
20%
6 Sierra Leone
20%
No matching quizzes found
Score Distribution
Percent of People with Each Score
Percentile by Number Answered
Your Score History
You have not taken this quiz